000 00495nam a2200181Ia 4500
001 7581
005 20260306160506.0
008 260306t2010||||xx |||||||||||||| ||spa||
041 _aESP
082 _a352
_bA69
100 _aArellano Gault, David
_eAUT
245 0 _aGestión estratégica para el sector público:
_bdel pensamiento estratégico al cambio organizacional
260 _c2010
300 _a262 páginas :
_c21 cm.
650 _aGEN
654 _aCAN
942 _cLIB
_dJUS
_fJUS
_2ddc
_n
999 _c7581
_d7581